Komentár k vyhláške Ministerstva vnútra Slovenskej republiky č.181/1997 Z.z. z 10. júna o podozrivých bankových operáciách

Komentár k vyhláške MV SR o podozrivých bankových operáciách. Definícia podozrivých bankových operácií. Opatrenia banky v spolupráci s Úradom finančnej polície.

Salvato in:
Dettagli Bibliografici
Autore principale: Stieranka, Jozef
Natura: Capitolo di libro
Lingua:slovacco
Soggetti:
Tags: Aggiungi Tag
Nessun Tag, puoi essere il primo ad aggiungerne!!

MARC

LEADER 00000naa a2200000 4500
001 r027709
005 20240722121301.0
041 0 |a slo 
044 |a SK 
245 1 0 |a Komentár k vyhláške Ministerstva vnútra Slovenskej republiky č.181/1997 Z.z. z 10. júna o podozrivých bankových operáciách  |c Jozef Stieranka 
520 |a Komentár k vyhláške MV SR o podozrivých bankových operáciách. Definícia podozrivých bankových operácií. Opatrenia banky v spolupráci s Úradom finančnej polície. 
610 2 0 |a vyhlášky 
610 2 0 |a Slovensko 
610 2 0 |a 1997 
610 2 0 |a podvody bankové 
610 2 0 |a operácie finančné podozrivé 
610 2 0 |a operácie bankové 
610 2 0 |a bankovníctvo 
610 2 0 |a opatrenia 
100 1 |a Stieranka, Jozef